| 000 | 00858nam a2200301Ia 4500 | ||
|---|---|---|---|
| 008 | 170712s9999 xx 000 0 und d | ||
| 020 | _a9789715907422 | ||
| 050 | _a331.4 | ||
| 050 | _bL693 2012 | ||
| 100 | _aLiamson, Cristina | ||
| 245 | _aBlood, sweat & cheers : | ||
| 245 | _bchanged lives of overseas Filipino workers / | ||
| 245 | _cby Cristina Liamzon. | ||
| 260 | _aPhilippines : | ||
| 260 | _bPaulines, | ||
| 260 | _c2012 | ||
| 300 | _a148 pages : | ||
| 300 | _billustrations ; | ||
| 300 | _c21cm. | ||
| 650 | _aFilipinos -- | ||
| 650 | _aForeign workers, Filipino -- | ||
| 650 | _aSocial entrepreneurship -- | ||
| 650 | _aTitle : Blood, sweat and cheers : changed lives of overseas Filipino workers. | ||
| 650 | _xEmployment -- Italy. | ||
| 650 | _xItaly -- Social conditions. | ||
| 650 | _xItaly. | ||
| 650 | _xTitle. | ||
| 999 |
_c340303 _d340303 |
||